00976 a2200181 45000010006000000050017000060080041000230030015000640400040000790800088001192450027002072500011002342640036002453000019002815050361003001000023006618560110006842543120260407155538.0260407a1982 arg spa dAR-UNSa-BCEJYS aAR-UNSa-BCEJYSbspacAR-UNSa-BCEJYS a657.05xContabilidad de gestión (Contabilidad gerencial, control de gestión...)10aContabilidad gerencial a4a. ed 1aBuenos Aires :bEl Ateneoc1982 a104 p.c26 cm. a1. Introducción - 2. Análisis de estados contables - 3. Estado de cambios en la posición financiera - 4. Contabilidad de costos - 5. Control gerencial - 6. Características del costo - 7. Presupuestación - 8. Problemas de selección de alternativas - 9. Problemas de selección de alternativas - 10. Planeamiento de compras de bienes de capital.1 aAnthony, Robert N.41uhttps://biblioeco.unsa.edu.ar/pmb/images/libros/Contabilidad Gerencial.jpgyImagen de portadaqimage/jpeg